000 00405pab a2200157 454500
008 180718b2002 xxu||||| |||| 00| 0 eng d
100 _aBhattacharya, Sanjoy
245 _aPreventive and curative health in South Asia
260 _c2002
300 _ap.1-3.
362 _aMay-Jun
650 _aHealth services - South Asia
650 _aHealth services
773 _aSocial Scientist
909 _a52923
999 _c52923
_d52923